| 000 | 00887nas a2200265 4500 | ||
|---|---|---|---|
| 001 | BR7902800 | ||
| 003 | BR-BrBNA | ||
| 005 | 20231205083716.0 | ||
| 007 | ta | ||
| 008 | 230509b bl.|||p| |||| 00| 00por d | ||
| 040 |
_aBR-BrBNA _bpor _cBiblioteca Nacional de Agricultura |
||
| 041 | _a(Pt) | ||
| 072 | _aH10 | ||
| 100 | 1 | _aAyala Osuna, J. | |
| 100 | 1 | _aLara, F.M. | |
| 100 | 1 | _aBortoli, S.A. de | |
| 100 | 1 | _aMobiglia, J.L. | |
| 245 | 1 | _aAvaliacao de familias de meios - irmaos do composto dentado de milho para caracteristicas agronomicas e resistencia a Heliothis zea (Boddie, 1850)[Zea mays, lagarta] | |
| 650 | _aMILHO | ||
| 650 | _aLAGARTA | ||
| 650 | _aVARIEDADE RESISTENTE | ||
| 773 | 0 |
_tAnais da Sociedade Entomologica do Brasil (Brazil) _xISSN 0301-8059 _g(1978), v. 7(2) p. 183-191 _wBR7902800 |
|
| 909 |
_a202311 _bLúcia _c55 _dLúcia Elande |
||
| 942 |
_2AGRIS _n0 _cANA |
||
| 999 |
_c100697 _d100697 |
||